|
|
|
|
| LEADER |
01147nam a22002891 4500 |
| 001 |
40070 |
| 003 |
BD-DhAAL |
| 008 |
221116t1967 enk b 000 0 eng d |
| 999 |
|
|
|c 45058
|d 45058
|
| 010 |
|
|
|a 67114057
|
| 040 |
|
|
|a DLC
|c Wa
|d DLC
|d BD-DhAAL
|
| 043 |
|
|
|a e-uk-en
|
| 050 |
0 |
0 |
|a HC254.5
|b .H3
|
| 082 |
0 |
0 |
|a 388.0942
|
| 245 |
1 |
4 |
|a The causes of the Industrial Revolution in England /
|c edited with an introduction by R. M. Hartwell.
|
| 260 |
|
|
|a London,
|b Methuen,
|c c1967.
|
| 300 |
|
|
|a xi, 177 pages ;
|c 22 cm.
|
| 490 |
0 |
|
|a Debates in economic history
|
| 504 |
|
|
|a Includes bibliographical references (pages [175]-177).
|
| 541 |
|
|
|a Donated By Akbar Ali Khan
|e 40070
|
| 650 |
|
0 |
|a Industrial revolution
|z Great Britain.
|9 52393
|
| 650 |
|
0 |
|a Commerce (Trade).
|9 52394
|
| 700 |
|
|
|a Hartwell, R. M.
|q (Ronald Max),
|d 1921-2009.
|9 52396
|
| 830 |
|
|
|a Debates in economic history
|9 52395
|
| 852 |
|
|
|a Ayesha Abed Library
|c Akbar Ali Khan Collection
|
| 942 |
|
|
|2 ddc
|c BK
|
| 952 |
|
|
|0 0
|1 0
|2 ddc
|4 0
|6 388_094200000000000_CAU
|7 1
|9 72352
|a BRACUL
|b BRACUL
|c AAKC
|d 2022-11-16
|e Donated by Akbar Ali Khan
|l 0
|o 388.0942 CAU
|p 3010040070
|r 2022-11-16
|t 1
|w 2022-11-16
|y BK
|